=LDR 00000nam 2200000 4500 =001 INLIS000000000038176 =005 20130612143846 =008 ***********************************ind** =035 ##$$0010-061300000038176 =041 ##$$a ind =082 ##$$a 923 =245 ##$$a pidato pengukuhan guru besar UGM ilmu-ilmu kesehatan =260 ##$$a UGM Press $b yogyakarta =300 ##$$a 882 hlm =850 ##$$a NBPNMAT